MARC details
| 000 -LEADER |
| fixed length control field |
02952nam a2200781 a 4500 |
| 001 - CONTROL NUMBER |
| control field |
vtls000530898 |
| 003 - CONTROL NUMBER IDENTIFIER |
| control field |
NLI |
| 005 - DATE AND TIME OF LATEST TRANSACTION |
| control field |
20210603142823.0 |
| 008 - FIXED-LENGTH DATA ELEMENTS--GENERAL INFORMATION |
| fixed length control field |
110308s1921 enk 000 0 eng |
| 039 #9 - LEVEL OF BIBLIOGRAPHIC CONTROL AND CODING DETAIL [OBSOLETE] |
| -- |
201103081754 |
| -- |
Datasoft |
| 040 0# - CATALOGING SOURCE |
| Original cataloging agency |
NLI |
| Language of cataloging |
eng |
| Transcribing agency |
Retro_DSC 1 |
| Description conventions |
AACR2 |
| 041 0# - LANGUAGE CODE |
| Language code of text/sound track or separate title |
eng |
| 044 ## - COUNTRY OF PUBLISHING/PRODUCING ENTITY CODE |
| MARC country code |
enk |
| 082 04 - DEWEY DECIMAL CLASSIFICATION NUMBER |
| Classification number |
081 |
| 100 1# - MAIN ENTRY--PERSONAL NAME |
| Personal name |
Morley, John Viscount, |
| Dates associated with a name |
1838-1923 |
| 9 (RLIN) |
174803 |
| 245 14 - TITLE STATEMENT |
| Title |
The works of Morley / |
| Statement of responsibility, etc. |
John Viscount Morley |
| 260 ## - PUBLICATION, DISTRIBUTION, ETC. |
| Place of publication, distribution, etc. |
London : |
| Name of publisher, distributor, etc. |
Macmillan, |
| Date of publication, distribution, etc. |
1921 |
| 300 ## - PHYSICAL DESCRIPTION |
| Extent |
15 v. ; |
| Dimensions |
23 cm. |
| 505 0# - FORMATTED CONTENTS NOTE |
| Formatted contents note |
Vol. 1-2 Recollections. - v.3 on compromise. - v.4 politics & history. - v.5 Oliver Cromwell. - v.6 critical miscellanies. - v.7 Voltaire. - v.8-9 Rousseau. - v.10-11 diderot and the encyclopaedists. - v.12 biographical studies. - v.13 walpole. - burke. - v.15 oracles an man & Govt |
| 600 10 - SUBJECT ADDED ENTRY--PERSONAL NAME |
| Personal name |
Morley, John, |
| Dates associated with a name |
1838-1923 |
| General subdivision |
Criticism and interpretation |
| 9 (RLIN) |
614882 |
| 710 2# - ADDED ENTRY--CORPORATE NAME |
| Corporate name or jurisdiction name as entry element |
Asutosh Collection (National Library, India) |
| 740 02 - ADDED ENTRY--UNCONTROLLED RELATED/ANALYTICAL TITLE |
| Uncontrolled related/analytical title |
Recollections |
| 740 02 - ADDED ENTRY--UNCONTROLLED RELATED/ANALYTICAL TITLE |
| Uncontrolled related/analytical title |
On compromise |
| 740 02 - ADDED ENTRY--UNCONTROLLED RELATED/ANALYTICAL TITLE |
| Uncontrolled related/analytical title |
Politics & history |
| 740 02 - ADDED ENTRY--UNCONTROLLED RELATED/ANALYTICAL TITLE |
| Uncontrolled related/analytical title |
Oliver Cromwell |
| 740 02 - ADDED ENTRY--UNCONTROLLED RELATED/ANALYTICAL TITLE |
| Uncontrolled related/analytical title |
Critical miscellanies |
| 740 02 - ADDED ENTRY--UNCONTROLLED RELATED/ANALYTICAL TITLE |
| Uncontrolled related/analytical title |
Voltaire |
| 740 02 - ADDED ENTRY--UNCONTROLLED RELATED/ANALYTICAL TITLE |
| Uncontrolled related/analytical title |
Rousseau |
| 740 02 - ADDED ENTRY--UNCONTROLLED RELATED/ANALYTICAL TITLE |
| Uncontrolled related/analytical title |
Diderot and the encyclopaedists |
| 740 02 - ADDED ENTRY--UNCONTROLLED RELATED/ANALYTICAL TITLE |
| Uncontrolled related/analytical title |
Biographical studies |
| 740 02 - ADDED ENTRY--UNCONTROLLED RELATED/ANALYTICAL TITLE |
| Uncontrolled related/analytical title |
Walpole |
| 740 02 - ADDED ENTRY--UNCONTROLLED RELATED/ANALYTICAL TITLE |
| Uncontrolled related/analytical title |
Burke |
| 740 02 - ADDED ENTRY--UNCONTROLLED RELATED/ANALYTICAL TITLE |
| Uncontrolled related/analytical title |
Oracles an man & Govt |
| 887 ## - NON-MARC INFORMATION FIELD |
| Content of non-MARC field |
|
| 901 ## - LOCAL DATA ELEMENT A, LDA (RLIN) |
| a |
12387 |
| b |
17.07.1956 |
| 9 |
v.1 |
| 901 ## - LOCAL DATA ELEMENT A, LDA (RLIN) |
| a |
12388 |
| b |
17.07.1956 |
| 9 |
v.2 |
| 901 ## - LOCAL DATA ELEMENT A, LDA (RLIN) |
| a |
12389 |
| b |
17.07.1956 |
| 9 |
v.3 |
| 901 ## - LOCAL DATA ELEMENT A, LDA (RLIN) |
| a |
18677 |
| b |
17.01.1956 |
| 9 |
v.4 |
| 901 ## - LOCAL DATA ELEMENT A, LDA (RLIN) |
| a |
12390 |
| b |
17.07.1956 |
| 9 |
v.5 |
| 901 ## - LOCAL DATA ELEMENT A, LDA (RLIN) |
| a |
12391 |
| b |
18.07.1956 |
| 9 |
v.6 |
| 901 ## - LOCAL DATA ELEMENT A, LDA (RLIN) |
| a |
12392 |
| b |
17.07.1956 |
| 9 |
v.7 |
| 901 ## - LOCAL DATA ELEMENT A, LDA (RLIN) |
| a |
12393 |
| b |
17.07.1956 |
| 9 |
v.8 |
| 901 ## - LOCAL DATA ELEMENT A, LDA (RLIN) |
| a |
12394 |
| b |
17.07.1956 |
| 9 |
v.9 |
| 901 ## - LOCAL DATA ELEMENT A, LDA (RLIN) |
| a |
12395 |
| b |
17.07.1956 |
| 9 |
v.10 |
| 901 ## - LOCAL DATA ELEMENT A, LDA (RLIN) |
| a |
12396 |
| b |
17.07.1956 |
| 9 |
v.11 |
| 901 ## - LOCAL DATA ELEMENT A, LDA (RLIN) |
| a |
12397 |
| b |
17.07.1956 |
| 9 |
v.12 |
| 901 ## - LOCAL DATA ELEMENT A, LDA (RLIN) |
| a |
12398 |
| b |
17.07.1956 |
| 9 |
v.13 |
| 901 ## - LOCAL DATA ELEMENT A, LDA (RLIN) |
| a |
12399 |
| b |
17.07.1956 |
| 9 |
v.14 |
| 901 ## - LOCAL DATA ELEMENT A, LDA (RLIN) |
| a |
12400 |
| b |
17.07.1956 |
| 9 |
v.15 |
| 902 ## - LOCAL DATA ELEMENT B, LDB (RLIN) |
| a |
A.C 081 M |
| 942 ## - ADDED ENTRY ELEMENTS (KOHA) |
| Source of classification or shelving scheme |
Dewey Decimal Classification |
| Koha item type |
Books |
| 949 ## - LOCAL PROCESSING INFORMATION (OCLC) |
| -- |
VIRTUAITEM |
| -- |
10000 |
| -- |
100 |
| 6 |
GAC000012396ENG |
| 9 |
v.11 |
| 949 ## - LOCAL PROCESSING INFORMATION (OCLC) |
| -- |
VIRTUAITEM |
| -- |
10000 |
| -- |
100 |
| 6 |
GAC000012397ENG |
| 9 |
v.12 |
| 949 ## - LOCAL PROCESSING INFORMATION (OCLC) |
| -- |
VIRTUAITEM |
| -- |
10000 |
| -- |
100 |
| 6 |
GAC000012398ENG |
| 9 |
v.13 |
| 949 ## - LOCAL PROCESSING INFORMATION (OCLC) |
| -- |
VIRTUAITEM |
| -- |
10000 |
| -- |
100 |
| 6 |
GAC000012399ENG |
| 9 |
v.14 |
| 949 ## - LOCAL PROCESSING INFORMATION (OCLC) |
| -- |
VIRTUAITEM |
| -- |
10000 |
| -- |
100 |
| 6 |
GAC000012400ENG |
| 9 |
v.15 |
| 949 ## - LOCAL PROCESSING INFORMATION (OCLC) |
| -- |
VIRTUAITEM |
| -- |
10000 |
| -- |
100 |
| 6 |
GAC000012387ENG |
| 9 |
v.1 |
| 949 ## - LOCAL PROCESSING INFORMATION (OCLC) |
| -- |
VIRTUAITEM |
| -- |
10000 |
| -- |
100 |
| 6 |
GAC000012388ENG |
| 9 |
v.2 |
| 949 ## - LOCAL PROCESSING INFORMATION (OCLC) |
| -- |
VIRTUAITEM |
| -- |
10000 |
| -- |
100 |
| 6 |
GAC000012389ENG |
| 9 |
v.3 |
| 949 ## - LOCAL PROCESSING INFORMATION (OCLC) |
| -- |
VIRTUAITEM |
| -- |
10000 |
| -- |
100 |
| 6 |
GAC000018677ENG |
| 9 |
v.4 |
| 949 ## - LOCAL PROCESSING INFORMATION (OCLC) |
| -- |
VIRTUAITEM |
| -- |
10000 |
| -- |
100 |
| 6 |
GAC000012390ENG |
| 9 |
v.5 |
| 949 ## - LOCAL PROCESSING INFORMATION (OCLC) |
| -- |
VIRTUAITEM |
| -- |
10000 |
| -- |
100 |
| 6 |
GAC000012391ENG |
| 9 |
v.6 |
| 949 ## - LOCAL PROCESSING INFORMATION (OCLC) |
| -- |
VIRTUAITEM |
| -- |
10000 |
| -- |
100 |
| 6 |
GAC000012392ENG |
| 9 |
v.7 |
| 949 ## - LOCAL PROCESSING INFORMATION (OCLC) |
| -- |
VIRTUAITEM |
| -- |
10000 |
| -- |
100 |
| 6 |
GAC000012393ENG |
| 9 |
v.8 |
| 949 ## - LOCAL PROCESSING INFORMATION (OCLC) |
| -- |
VIRTUAITEM |
| -- |
10000 |
| -- |
100 |
| 6 |
GAC000012394ENG |
| 9 |
v.9 |
| 949 ## - LOCAL PROCESSING INFORMATION (OCLC) |
| -- |
VIRTUAITEM |
| -- |
10000 |
| -- |
100 |
| 6 |
GAC000012395ENG |
| 9 |
v.10 |